[Event "Stay Safe Play From Home 365"]
[Site "Emanuel Lasker Arena"]
[Date "2020.08.07"]
[Round "6"]
[White "Hickey"]
[Black "Haxhi Baha"]
[Result "0-1"]
[WhiteElo "2132"]
[BlackElo "2040"]
[PlyCount "66"]
[EventDate "2020.08.07"]
[EventType "swiss (blitz)"]

1. Nf3 {[%emt 0:00:01]} e6 {[%emt 0:00:01]} 2. g3 {[%emt 0:00:00]} d5 {[%emt 0:00:00]} 3. Bg2 {[%emt 0:00:00]} c6 {[%emt 0:00:00]} 4. O-O {[%emt 0:00:00]} Nf6 {[%emt 0:00:00]} 5. b3 {[%emt 0:00:00]} Bd6 {[%emt 0:00:00]} 6. Bb2 {[%emt 0:00:00]} e5 {[%emt 0:00:00]} 7. d3 {[%emt 0:00:00]} Qc7 {[%emt 0:00:02]} 8. c4 {[%emt 0:00:02]} O-O {[%emt 0:00:01]} 9. Nc3 {[%emt 0:00:00]} d4 {[%emt 0:00:01]} 10. Ne4 {[%emt 0:00:01]} Nxe4 {[%emt 0:00:00]} 11. dxe4 {[%emt 0:00:00]} f5 {[%emt 0:00:01]} 12. exf5 {[%emt 0:00:04]} Bxf5 {[%emt 0:00:00]} 13. Ne1 {[%emt 0:00:00]} Nd7 {[%emt 0:00:01]} 14. Qd2 {[%emt 0:00:02]} Nc5 {[%emt 0:00:01]} 15. e3 {[%emt 0:00:02]} Ne4 {[%emt 0:00:01]} 16. Bxe4 {[%emt 0:00:01]} Bxe4 {[%emt 0:00:00]} 17. f3 {[%emt 0:00:00]} Bf5 {[%emt 0:00:02]} 18. e4 {[%emt 0:00:00]} Bh3 {[%emt 0:00:01]} 19. Rf2 {[%emt 0:00:02]} c5 {[%emt 0:00:00]} 20. Nd3 {[%emt 0:00:01]} b5 {[%emt 0:00:00]} 21. cxb5 {[%emt 0:00:01]} c4 {[%emt 0:00:00]} 22. bxc4 {[%emt 0:00:02]} Qxc4 {[%emt 0:00:00]} 23. a4 {[%emt 0:00:01]} Rac8 {[%emt 0:00:01]} 24. Rc1 {[%emt 0:00:04]} Qb3 {[%emt 0:00:01]} 25. Rxc8 {[%emt 0:00:01]} Rxc8 {[%emt 0:00:00]} 26. a5 {[%emt 0:00:02]} Qxb5 {[%emt 0:00:01]} 27. f4 {[%emt 0:00:01]} Qc6 {[%emt 0:00:03]} 28. fxe5 {[%emt 0:00:02]} Qxe4 {[%emt 0:00:01]} 29. exd6 {[%emt 0:00:03]} Re8 {[%emt 0:00:02]} 30. d7 {[%emt 0:00:05]} Bxd7 {[%emt 0:00:02]} 31. Rf1 {[%emt 0:00:02]} Bc6 {[%emt 0:00:02]} 32. Nf4 {[%emt 0:00:05]} Qh1+ {[%emt 0:00:02]} 33. Kf2 {[%emt 0:00:01]} Qxh2+ {[%emt 0:00:01] Hickey resigns Hickey resigns Hickey resigns Hickey resigns Hickey resigns (Lag: Av=0.85s, max=1.2s) (Lag: Av=0.85s, max=1.2s) (Lag: Av=0.85s, max=1.2s) (Lag: Av=0.85s, max=1.2s) (Lag: Av=0.85s, max=1.2s)} 0-1

[Event "Stay Safe Play From Home 365"]
[Site "Emanuel Lasker Arena"]
[Date "2020.08.07"]
[Round "6"]
[White "TheCHESSHOUSE"]
[Black "Lazieri3"]
[Result "0-1"]
[WhiteElo "2060"]
[BlackElo "2024"]
[PlyCount "60"]
[EventDate "2020.08.07"]
[EventType "swiss (blitz)"]

1. d4 {[%emt 0:00:01]} d5 {[%emt 0:00:00]} 2. c4 {[%emt 0:00:00]} c6 {[%emt 0:00:00]} 3. cxd5 {[%emt 0:00:00]} Nf6 {[%emt 0:00:00]} 4. Nc3 {[%emt 0:00:00]} cxd5 {[%emt 0:00:01]} 5. Nf3 {[%emt 0:00:00]} Nc6 {[%emt 0:00:01]} 6. Bf4 {[%emt 0:00:01]} Bf5 {[%emt 0:00:01]} 7. e3 {[%emt 0:00:00]} e6 {[%emt 0:00:01]} 8. Be2 {[%emt 0:00:00]} Bd6 {[%emt 0:00:01]} 9. Bxd6 {[%emt 0:00:00]} Qxd6 {[%emt 0:00:01]} 10. O-O {[%emt 0:00:00]} O-O {[%emt 0:00:01]} 11. Rc1 {[%emt 0:00:00]} h6 {[%emt 0:00:00]} 12. h3 {[%emt 0:00:01]} a6 {[%emt 0:00:01]} 13. Na4 {[%emt 0:00:01]} Ne4 {[%emt 0:00:01]} 14. Nd2 {[%emt 0:00:02]} Nxd2 {[%emt 0:00:01]} 15. Qxd2 {[%emt 0:00:01]} Rac8 {[%emt 0:00:00]} 16. Nc5 {[%emt 0:00:01]} b6 {[%emt 0:00:03]} 17. Nxa6 {[%emt 0:00:01]} Ra8 {[%emt 0:00:02]} 18. a3 {[%emt 0:00:03]} Na5 {[%emt 0:00:02]} 19. Nc7 {[%emt 0:00:05]} Nb3 {[%emt 0:00:03]} 20. Qd1 {[%emt 0:00:10]} Nxc1 {[%emt 0:00:02]} 21. Nxa8 {[%emt 0:00:03]} Nxe2+ {[%emt 0:00:01]} 22. Qxe2 {[%emt 0:00:01]} Rxa8 {[%emt 0:00:00]} 23. Qb5 {[%emt 0:00:01]} Rc8 {[%emt 0:00:04]} 24. b4 {[%emt 0:00:01]} Qc6 {[%emt 0:00:01]} 25. Qa6 {[%emt 0:00:00]} Qc3 {[%emt 0:00:03]} 26. a4 {[%emt 0:00:01]} Bd3 {[%emt 0:00:01]} 27. Qa7 {[%emt 0:00:03]} Bxf1 {[%emt 0:00:01]} 28. Kh2 {[%emt 0:00:00]} Bd3 {[%emt 0:00:04]} 29. Qxb6 {[%emt 0:00:01]} Qc6 {[%emt 0:00:02]} 30. Qa7 {[%emt 0:00:01]} Ra8 {[%emt 0:00:01] TheCHESSHOUSE resigns TheCHESSHOUSE resigns TheCHESSHOUSE resigns TheCHESSHOUSE resigns TheCHESSHOUSE resigns (Lag: Av=0.89s, max=1.3s) (Lag: Av=0.89s, max=1.3s) (Lag: Av=0.89s, max=1.3s) (Lag: Av=0.89s, max=1.3s) (Lag: Av=0.89s, max=1.3s)} 0-1

[Event "Stay Safe Play From Home 365"]
[Site "Emanuel Lasker Arena"]
[Date "2020.08.07"]
[Round "6"]
[White "Sfantul321"]
[Black "Trotsky"]
[Result "1-0"]
[WhiteElo "1957"]
[BlackElo "1546"]
[Annotator "NA"]
[PlyCount "77"]
[EventDate "2020.08.07"]
[EventType "swiss (blitz)"]

1. c4 {[%emt 0:00:01]} c5 {[%emt 0:00:01]} 2. Nc3 {[%emt 0:00:00]} e6 {[%emt 0:00:00]} 3. g3 {[%emt 0:00:00]} d5 {[%emt 0:00:00]} 4. cxd5 {[%emt 0:00:01]} exd5 {[%emt 0:00:01]} 5. d4 {[%emt 0:00:00]} Be6 {[%emt 0:00:02]} 6. Bg2 {[%emt 0:00:01]} Nc6 {[%emt 0:00:01]} 7. Nf3 {[%emt 0:00:01]} a6 {[%emt 0:00:01]} 8. O-O {[%emt 0:00:01]} c4 {[%emt 0:00:00]} 9. e4 {[%emt 0:00:01]} Qc7 {[%emt 0:00:03]} 10. exd5 {[%emt 0:00:01]} O-O-O {[%emt 0:00:02]} 11. dxe6 {[%emt 0:00:02]} fxe6 {[%emt 0:00:01]} 12. Be3 {[%emt 0:00:01]} Nf6 {[%emt 0:00:01]} 13. Ng5 {[%emt 0:00:02]} Re8 {[%emt 0:00:03]} 14. Qa4 {[%emt 0:00:03]} h5 {[%emt 0:00:01]} 15. Bxc6 {[%emt 0:00:02]} bxc6 {[%emt 0:00:03]} 16. Qxa6+ {[%emt 0:00:02]} Kb8 {[%emt 0:00:01]} 17. Qxc4 {[%emt 0:00:01]} Ng4 {[%emt 0:00:04]} 18. Bf4 {[%emt 0:00:03]} Bd6 {[%emt 0:00:02]} 19. Nxe6 {[%emt 0:00:03]} Rxe6 {[%emt 0:00:01]} 20. Qxe6 {[%emt 0:00:01]} Bxf4 {[%emt 0:00:01]} 21. d5 {[%emt 0:00:03]} h4 {[%emt 0:00:02]} 22. Qxg4 {[%emt 0:00:02]} hxg3 {[%emt 0:00:01]} 23. fxg3 {[%emt 0:00:01]} Be3+ {[%emt 0:00:02]} 24. Kg2 {[%emt 0:00:01]} g5 {[%emt 0:00:03]} 25. dxc6 {[%emt 0:00:05]} Qh7 {[%emt 0:00:01]} 26. Rh1 {[%emt 0:00:03]} Qc2+ {[%emt 0:00:02]} 27. Kf3 {[%emt 0:00:04]} Rf8+ {[%emt 0:00:02]} 28. Kxe3 {[%emt 0:00:03]} Qf2+ {[%emt 0:00:01]} 29. Kd3 {[%emt 0:00:01]} Rd8+ {[%emt 0:00:01]} 30. Kc4 {[%emt 0:00:01]} Qf7+ {[%emt 0:00:04]} 31. Kb4 {[%emt 0:00:02]} Qe7+ {[%emt 0:00:02]} 32. Kb3 {[%emt 0:00:01]} Qa7 {[%emt 0:00:02]} 33. Qb4+ {[%emt 0:00:01]} Ka8 {[%emt 0:00:02]} 34. Qb7+ {[%emt 0:00:01]} Qxb7+ {[%emt 0:00:01]} 35. cxb7+ {[%emt 0:00:00]} Kxb7 {[%emt 0:00:01]} 36. Nb5 {[%emt 0:00:01]} Ka8 {[%emt 0:00:01]} 37. Nc3 {[%emt 0:00:00]} Rb8+ {[%emt 0:00:01]} 38. Kc2 {[%emt 0:00:01]} Rc8 {[%emt 0:00:01]} 39. Rad1 {[%emt 0:00:00] Âðåìÿ Âðåìÿ Âðåìÿ Âðåìÿ Âðåìÿ (Lag: Av=0.17s, max=0.4s) (Lag: Av=0.17s, max=0.4s) (Lag: Av=0.17s, max=0.4s) (Lag: Av=0.17s, max=0.4s) (Lag: Av=0.17s, max=0.4s)} 1-0

[Event "Stay Safe Play From Home 365"]
[Site "Emanuel Lasker Arena"]
[Date "2020.08.07"]
[Round "6"]
[White "Oznog"]
[Black "Klasman"]
[Result "1-0"]
[WhiteElo "1801"]
[BlackElo "1413"]
[Annotator "NA"]
[PlyCount "59"]
[EventDate "2020.08.07"]
[EventType "swiss (blitz)"]

1. e4 {[%emt 0:00:01]} f5 {[%emt 0:00:01]} 2. exf5 {[%emt 0:00:01]} Nf6 {[%emt 0:00:01]} 3. Nc3 {[%emt 0:00:01]} d5 {[%emt 0:00:01]} 4. d3 {[%emt 0:00:01]} Bxf5 {[%emt 0:00:01]} 5. Nf3 {[%emt 0:00:02]} c5 {[%emt 0:00:01]} 6. Bf4 {[%emt 0:00:01]} Nc6 {[%emt 0:00:01]} 7. h3 {[%emt 0:00:01]} Qb6 {[%emt 0:00:01]} 8. Rb1 {[%emt 0:00:06]} d4 {[%emt 0:00:05]} 9. Ne2 {[%emt 0:00:04]} Nb4 {[%emt 0:00:02]} 10. a3 {[%emt 0:00:02]} Nbd5 {[%emt 0:00:05]} 11. Bg3 {[%emt 0:00:02]} e6 {[%emt 0:00:03]} 12. Nh4 {[%emt 0:00:01]} Bd6 {[%emt 0:00:04]} 13. Nxf5 {[%emt 0:00:02]} exf5 {[%emt 0:00:01]} 14. Bxd6 {[%emt 0:00:02]} Qxd6 {[%emt 0:00:01]} 15. g3 {[%emt 0:00:01]} O-O {[%emt 0:00:01]} 16. Bg2 {[%emt 0:00:01]} f4 {[%emt 0:00:03]} 17. gxf4 {[%emt 0:00:03]} Nxf4 {[%emt 0:00:01]} 18. Nxf4 {[%emt 0:00:01]} Qxf4 {[%emt 0:00:01]} 19. O-O {[%emt 0:00:02]} Nh5 {[%emt 0:00:03]} 20. Qxh5 {[%emt 0:00:02]} g6 {[%emt 0:00:02]} 21. Qg4 {[%emt 0:00:02]} Qxg4 {[%emt 0:00:02]} 22. hxg4 {[%emt 0:00:00]} Rf4 {[%emt 0:00:02]} 23. f3 {[%emt 0:00:03]} Raf8 {[%emt 0:00:01]} 24. Rfe1 {[%emt 0:00:01]} h5 {[%emt 0:00:01]} 25. gxh5 {[%emt 0:00:02]} gxh5 {[%emt 0:00:02]} 26. Re7 {[%emt 0:00:01]} h4 {[%emt 0:00:01]} 27. Kh2 {[%emt 0:00:04]} h3 {[%emt 0:00:04]} 28. Kxh3 {[%emt 0:00:01]} R8f6 {[%emt 0:00:03]} 29. Kg3 {[%emt 0:00:01]} R4f5 {[%emt 0:00:02]} 30. Re8+ {[%emt 0:00:02] Time Time Time Time Time (Lag: Av=0.53s, max=1.1s) (Lag: Av=0.53s, max=1.1s) (Lag: Av=0.53s, max=1.1s) (Lag: Av=0.53s, max=1.1s) (Lag: Av=0.53s, max=1.1s)} 1-0

[Event "Stay Safe Play From Home 365"]
[Site "Emanuel Lasker Arena"]
[Date "2020.08.07"]
[Round "6"]
[White "Cirovicz"]
[Black "Stefanone"]
[Result "1-0"]
[WhiteElo "1780"]
[BlackElo "1926"]
[PlyCount "65"]
[EventDate "2020.08.07"]
[EventType "swiss (blitz)"]

1. e4 {[%emt 0:00:01]} d6 {[%emt 0:00:00]} 2. d4 {[%emt 0:00:01]} Nf6 {[%emt 0:00:00]} 3. Nc3 {[%emt 0:00:01]} g6 {[%emt 0:00:00]} 4. f4 {[%emt 0:00:01]} Bg7 {[%emt 0:00:01]} 5. Nf3 {[%emt 0:00:00]} O-O {[%emt 0:00:01]} 6. Bd3 {[%emt 0:00:01]} Nc6 {[%emt 0:00:01]} 7. Be3 {[%emt 0:00:00]} e5 {[%emt 0:00:00]} 8. fxe5 {[%emt 0:00:01]} dxe5 {[%emt 0:00:00]} 9. dxe5 {[%emt 0:00:01]} Ng4 {[%emt 0:00:01]} 10. Bf2 {[%emt 0:00:02]} Ngxe5 {[%emt 0:00:01]} 11. Nxe5 {[%emt 0:00:01]} Nxe5 {[%emt 0:00:00]} 12. O-O {[%emt 0:00:01]} Nxd3 {[%emt 0:00:01]} 13. cxd3 {[%emt 0:00:01]} Qe7 {[%emt 0:00:00]} 14. b4 {[%emt 0:00:02]} Bxc3 {[%emt 0:00:02]} 15. Rc1 {[%emt 0:00:02]} Bxb4 {[%emt 0:00:01]} 16. Rc4 {[%emt 0:00:02]} Bd6 {[%emt 0:00:01]} 17. e5 {[%emt 0:00:01]} Qxe5 {[%emt 0:00:01]} 18. Bg3 {[%emt 0:00:02]} Bc5+ {[%emt 0:00:03]} 19. d4 {[%emt 0:00:02]} Qe6 {[%emt 0:00:03]} 20. Rxc5 {[%emt 0:00:01]} c6 {[%emt 0:00:00]} 21. Re5 {[%emt 0:00:01]} Qd7 {[%emt 0:00:01]} 22. d5 {[%emt 0:00:00]} f5 {[%emt 0:00:01]} 23. dxc6 {[%emt 0:00:01]} Qxd1 {[%emt 0:00:00]} 24. Rxd1 {[%emt 0:00:01]} bxc6 {[%emt 0:00:01]} 25. Re7 {[%emt 0:00:01]} Rf7 {[%emt 0:00:01]} 26. Rd8+ {[%emt 0:00:02]} Kg7 {[%emt 0:00:02]} 27. Be5+ {[%emt 0:00:00]} Kh6 {[%emt 0:00:04]} 28. Rxf7 {[%emt 0:00:01]} g5 {[%emt 0:00:02]} 29. Rd6+ {[%emt 0:00:02]} Kh5 {[%emt 0:00:01]} 30. h3 {[%emt 0:00:00]} h6 {[%emt 0:00:05]} 31. Rh7 {[%emt 0:00:03]} g4 {[%emt 0:00:05]} 32. Rhxh6+ {[%emt 0:00:01]} Kg5 {[%emt 0:00:00]} 33. Rdg6# {[%emt 0:00:01] (Lag: Av=0.56s, max=1.2s) (Lag: Av=0.56s, max=1.2s) (Lag: Av=0.56s, max=1.2s) (Lag: Av=0.56s, max=1.2s) (Lag: Av=0.56s, max=1.2s)} 1-0

[Event "Stay Safe Play From Home 365"]
[Site "Emanuel Lasker Arena"]
[Date "2020.08.07"]
[Round "7"]
[White "Lamborghini"]
[Black "AChessPlayer"]
[Result "0-1"]
[WhiteElo "2345"]
[BlackElo "2454"]
[PlyCount "92"]
[EventDate "2020.08.07"]
[EventType "swiss (blitz)"]

1. e4 {[%emt 0:00:01]} d6 {[%emt 0:00:01]} 2. d4 {[%emt 0:00:01]} Nd7 {[%emt 0:00:00]} 3. Nc3 {[%emt 0:00:00]} e5 {[%emt 0:00:01]} 4. g4 {[%emt 0:00:01]} c6 {[%emt 0:00:02]} 5. Nf3 {[%emt 0:00:01]} Qc7 {[%emt 0:00:01]} 6. g5 {[%emt 0:00:01]} Ne7 {[%emt 0:00:01]} 7. h4 {[%emt 0:00:01]} g6 {[%emt 0:00:01]} 8. h5 {[%emt 0:00:01]} gxh5 {[%emt 0:00:02]} 9. Rxh5 {[%emt 0:00:03]} Ng6 {[%emt 0:00:00]} 10. Bh3 {[%emt 0:00:02]} Bg7 {[%emt 0:00:01]} 11. Be3 {[%emt 0:00:01]} Ndf8 {[%emt 0:00:01]} 12. Bxc8 {[%emt 0:00:02]} Qxc8 {[%emt 0:00:01]} 13. d5 {[%emt 0:00:01]} Nd7 {[%emt 0:00:01]} 14. dxc6 {[%emt 0:00:02]} Qxc6 {[%emt 0:00:01]} 15. Nd5 {[%emt 0:00:04]} Nc5 {[%emt 0:00:04]} 16. Bxc5 {[%emt 0:00:01]} Qxc5 {[%emt 0:00:01]} 17. c3 {[%emt 0:00:01]} b5 {[%emt 0:00:02]} 18. Qd2 {[%emt 0:00:02]} a5 {[%emt 0:00:02]} 19. O-O-O {[%emt 0:00:01]} a4 {[%emt 0:00:01]} 20. a3 {[%emt 0:00:01]} Qc4 {[%emt 0:00:01]} 21. Kb1 {[%emt 0:00:01]} Qxe4+ {[%emt 0:00:01]} 22. Qd3 {[%emt 0:00:02]} Qxd3+ {[%emt 0:00:02]} 23. Rxd3 {[%emt 0:00:00]} Rc8 {[%emt 0:00:02]} 24. Nd2 {[%emt 0:00:02]} Kd7 {[%emt 0:00:01]} 25. Ne4 {[%emt 0:00:01]} Ke6 {[%emt 0:00:01]} 26. Nb6 {[%emt 0:00:06]} Rcd8 {[%emt 0:00:01]} 27. Nd5 {[%emt 0:00:01]} Rc8 {[%emt 0:00:01]} 28. Rhh3 {[%emt 0:00:02]} Rc4 {[%emt 0:00:01]} 29. Rhe3 {[%emt 0:00:01]} Rd8 {[%emt 0:00:03]} 30. f3 {[%emt 0:00:01]} Ne7 {[%emt 0:00:01]} 31. Nxe7 {[%emt 0:00:01]} Kxe7 {[%emt 0:00:00]} 32. Nd2 {[%emt 0:00:01]} Rh4 {[%emt 0:00:01]} 33. Kc2 {[%emt 0:00:01]} Rh2 {[%emt 0:00:01]} 34. c4 {[%emt 0:00:01]} h6 {[%emt 0:00:00]} 35. cxb5 {[%emt 0:00:01]} hxg5 {[%emt 0:00:01]} 36. Rc3 {[%emt 0:00:00]} g4 {[%emt 0:00:01]} 37. Rc7+ {[%emt 0:00:01]} Ke6 {[%emt 0:00:00]} 38. fxg4 {[%emt 0:00:00]} Bh6 {[%emt 0:00:00]} 39. Rd3 {[%emt 0:00:00]} e4 {[%emt 0:00:02]} 40. Rd4 {[%emt 0:00:02]} e3 {[%emt 0:00:00]} 41. Re4+ {[%emt 0:00:01]} Kd5 {[%emt 0:00:01]} 42. Rxe3 {[%emt 0:00:00]} Bxe3 {[%emt 0:00:02]} 43. b6 {[%emt 0:00:00]} Rxd2+ {[%emt 0:00:01]} 44. Kc3 {[%emt 0:00:01]} Rf2 {[%emt 0:00:02]} 45. b7 {[%emt 0:00:01]} Bd4+ {[%emt 0:00:00]} 46. Kd3 {[%emt 0:00:01]} Rxb2 {[%emt 0:00:01] Zeit Zeit Zeit Zeit Zeit (Lag: Av=0.65s, max=1.5s) (Lag: Av=0.65s, max=1.5s) (Lag: Av=0.65s, max=1.5s) (Lag: Av=0.65s, max=1.5s) (Lag: Av=0.65s, max=1.5s)} 0-1

[Event "Stay Safe Play From Home 365"]
[Site "Emanuel Lasker Arena"]
[Date "2020.08.07"]
[Round "7"]
[White "BrainThinker22"]
[Black "NTBT_DHS"]
[Result "0-1"]
[WhiteElo "2304"]
[BlackElo "2578"]
[Annotator "NA"]
[PlyCount "118"]
[EventDate "2020.08.07"]
[EventType "swiss (blitz)"]

1. e3 {[%emt 0:00:01]} g6 {[%emt 0:00:00]} 2. d4 {[%emt 0:00:00]} Bg7 {[%emt 0:00:00]} 3. c4 {[%emt 0:00:00]} d6 {[%emt 0:00:00]} 4. Nc3 {[%emt 0:00:00]} Nf6 {[%emt 0:00:00]} 5. Nf3 {[%emt 0:00:00]} O-O {[%emt 0:00:00]} 6. h3 {[%emt 0:00:00]} Nc6 {[%emt 0:00:00]} 7. Be2 {[%emt 0:00:00]} e5 {[%emt 0:00:00]} 8. d5 {[%emt 0:00:01]} Ne7 {[%emt 0:00:00]} 9. e4 {[%emt 0:00:00]} Nh5 {[%emt 0:00:00]} 10. O-O {[%emt 0:00:01]} Nf4 {[%emt 0:00:01]} 11. Bxf4 {[%emt 0:00:03]} exf4 {[%emt 0:00:00]} 12. Qd2 {[%emt 0:00:00]} f5 {[%emt 0:00:00]} 13. Qxf4 {[%emt 0:00:02]} fxe4 {[%emt 0:00:00]} 14. Qxe4 {[%emt 0:00:00]} Bf5 {[%emt 0:00:02]} 15. Qh4 {[%emt 0:00:01]} h6 {[%emt 0:00:01]} 16. Rfe1 {[%emt 0:00:03]} g5 {[%emt 0:00:01]} 17. Qg3 {[%emt 0:00:00]} Ng6 {[%emt 0:00:00]} 18. Bd1 {[%emt 0:00:04]} Qf6 {[%emt 0:00:04]} 19. Bb3 {[%emt 0:00:04]} Rae8 {[%emt 0:00:03]} 20. Nb5 {[%emt 0:00:02]} Nf4 {[%emt 0:00:07]} 21. Nbd4 {[%emt 0:00:04]} Bg6 {[%emt 0:00:06]} 22. Ne6 {[%emt 0:00:04]} Bf5 {[%emt 0:00:06]} 23. Nxf4 {[%emt 0:00:02]} gxf4 {[%emt 0:00:02]} 24. Qxf4 {[%emt 0:00:00]} Qxb2 {[%emt 0:00:01]} 25. Qg3 {[%emt 0:00:05]} Re4 {[%emt 0:00:04]} 26. Rxe4 {[%emt 0:00:04]} Bxe4 {[%emt 0:00:02]} 27. Re1 {[%emt 0:00:01]} Bxf3 {[%emt 0:00:01]} 28. gxf3 {[%emt 0:00:00]} Rf5 {[%emt 0:00:01]} 29. h4 {[%emt 0:00:03]} Qf6 {[%emt 0:00:01]} 30. Re8+ {[%emt 0:00:01]} Kf7 {[%emt 0:00:01]} 31. Re4 {[%emt 0:00:01]} Rxf3 {[%emt 0:00:01]} 32. Qg2 {[%emt 0:00:03]} Qa1+ {[%emt 0:00:01]} 33. Kh2 {[%emt 0:00:01]} Be5+ {[%emt 0:00:00]} 34. Rxe5 {[%emt 0:00:01]} Qxe5+ {[%emt 0:00:00]} 35. Kg1 {[%emt 0:00:00]} Qe1+ {[%emt 0:00:01]} 36. Qf1 {[%emt 0:00:01]} Qxf1+ {[%emt 0:00:00]} 37. Kxf1 {[%emt 0:00:00]} Rh3 {[%emt 0:00:00]} 38. h5 {[%emt 0:00:00]} Rxh5 {[%emt 0:00:01]} 39. Bd1 {[%emt 0:00:00]} Rh4 {[%emt 0:00:01]} 40. Ke2 {[%emt 0:00:00]} Rxc4 {[%emt 0:00:01]} 41. Bb3 {[%emt 0:00:00]} Rb4 {[%emt 0:00:00]} 42. Kd3 {[%emt 0:00:02]} a5 {[%emt 0:00:00]} 43. Bc4 {[%emt 0:00:01]} b5 {[%emt 0:00:01]} 44. Bb3 {[%emt 0:00:00]} a4 {[%emt 0:00:00]} 45. Bd1 {[%emt 0:00:00]} Rb2 {[%emt 0:00:00]} 46. Bh5+ {[%emt 0:00:00]} Kf6 {[%emt 0:00:01]} 47. f4 {[%emt 0:00:00]} Rxa2 {[%emt 0:00:00]} 48. Ke4 {[%emt 0:00:00]} Ra3 {[%emt 0:00:00]} 49. Bg4 {[%emt 0:00:00]} Rb3 {[%emt 0:00:00]} 50. Bd7 {[%emt 0:00:01]} Rb4+ {[%emt 0:00:00]} 51. Ke3 {[%emt 0:00:01]} a3 {[%emt 0:00:00]} 52. Kf3 {[%emt 0:00:00]} a2 {[%emt 0:00:00]} 53. Bf5 {[%emt 0:00:00]} a1=Q {[%emt 0:00:00]} 54. Bd3 {[%emt 0:00:00]} Qc3 {[%emt 0:00:00]} 55. Kg4 {[%emt 0:00:01]} Rb2 {[%emt 0:00:00]} 56. Kh5 {[%emt 0:00:00]} Rg2 {[%emt 0:00:00]} 57. Kh4 {[%emt 0:00:01]} Qxd3 {[%emt 0:00:01]} 58. f5 {[%emt 0:00:00]} Qg3+ {[%emt 0:00:00]} 59. Kh5 {[%emt 0:00:00]} Qg5# {[%emt 0:00:00] (Lag: Av=0.85s, max=1.5s) (Lag: Av=0.85s, max=1.5s) (Lag: Av=0.85s, max=1.5s) (Lag: Av=0.85s, max=1.5s) (Lag: Av=0.85s, max=1.5s)} 0-1

[Event "Stay Safe Play From Home 365"]
[Site "Emanuel Lasker Arena"]
[Date "2020.08.07"]
[Round "7"]
[White "Haxhi Baha"]
[Black "Cirovicz"]
[Result "0-1"]
[WhiteElo "2061"]
[BlackElo "1804"]
[PlyCount "86"]
[EventDate "2020.08.07"]
[EventType "swiss (blitz)"]

1. e4 {[%emt 0:00:01]} e5 {[%emt 0:00:01]} 2. f4 {[%emt 0:00:01]} Nc6 {[%emt 0:00:01]} 3. d4 {[%emt 0:00:01]} exf4 {[%emt 0:00:01]} 4. Nf3 {[%emt 0:00:01]} d5 {[%emt 0:00:01]} 5. e5 {[%emt 0:00:01]} Bg4 {[%emt 0:00:02]} 6. c3 {[%emt 0:00:00]} Bxf3 {[%emt 0:00:01]} 7. Qxf3 {[%emt 0:00:01]} Qh4+ {[%emt 0:00:01]} 8. g3 {[%emt 0:00:05]} fxg3 {[%emt 0:00:01]} 9. hxg3 {[%emt 0:00:00]} Qe7 {[%emt 0:00:02]} 10. Qxd5 {[%emt 0:00:02]} f6 {[%emt 0:00:02]} 11. Bf4 {[%emt 0:00:02]} fxe5 {[%emt 0:00:01]} 12. dxe5 {[%emt 0:00:01]} Nf6 {[%emt 0:00:01]} 13. Qb5 {[%emt 0:00:02]} O-O-O {[%emt 0:00:04]} 14. Be2 {[%emt 0:00:01]} Nd5 {[%emt 0:00:06]} 15. Nd2 {[%emt 0:00:01]} a6 {[%emt 0:00:02]} 16. Qa4 {[%emt 0:00:03]} g5 {[%emt 0:00:01]} 17. Bg4+ {[%emt 0:00:05]} Kb8 {[%emt 0:00:02]} 18. O-O-O {[%emt 0:00:04]} gxf4 {[%emt 0:00:02]} 19. gxf4 {[%emt 0:00:00]} Nxf4 {[%emt 0:00:01]} 20. Qxf4 {[%emt 0:00:02]} Bg7 {[%emt 0:00:01]} 21. Nf3 {[%emt 0:00:01]} Rxd1+ {[%emt 0:00:02]} 22. Rxd1 {[%emt 0:00:00]} Rf8 {[%emt 0:00:01]} 23. Qe4 {[%emt 0:00:04]} Bh6+ {[%emt 0:00:03]} 24. Kb1 {[%emt 0:00:01]} Bg7 {[%emt 0:00:02]} 25. Rd7 {[%emt 0:00:02]} Qe8 {[%emt 0:00:03]} 26. Rxg7 {[%emt 0:00:01]} h5 {[%emt 0:00:03]} 27. Bf5 {[%emt 0:00:02]} h4 {[%emt 0:00:01]} 28. Nxh4 {[%emt 0:00:02]} Qxe5 {[%emt 0:00:01]} 29. Qxe5 {[%emt 0:00:01]} Nxe5 {[%emt 0:00:00]} 30. Ng6 {[%emt 0:00:00]} Nxg6 {[%emt 0:00:01]} 31. Bxg6 {[%emt 0:00:00]} b5 {[%emt 0:00:00]} 32. a3 {[%emt 0:00:01]} c5 {[%emt 0:00:02]} 33. Be4 {[%emt 0:00:00]} b4 {[%emt 0:00:00]} 34. Rb7+ {[%emt 0:00:02]} Kc8 {[%emt 0:00:01]} 35. axb4 {[%emt 0:00:00]} Rf1+ {[%emt 0:00:01]} 36. Ka2 {[%emt 0:00:01]} cxb4 {[%emt 0:00:00]} 37. Rxb4 {[%emt 0:00:00]} Rf2 {[%emt 0:00:00]} 38. Kb3 {[%emt 0:00:00]} Re2 {[%emt 0:00:01]} 39. Bd3 {[%emt 0:00:01]} Re3 {[%emt 0:00:01]} 40. Bxa6+ {[%emt 0:00:00]} Kc7 {[%emt 0:00:01]} 41. Rb7+ {[%emt 0:00:01]} Kd6 {[%emt 0:00:01]} 42. Kc4 {[%emt 0:00:00]} Ke6 {[%emt 0:00:01]} 43. b4 {[%emt 0:00:01]} Rxc3+ {[%emt 0:00:00] Time Time Time Time Time (Lag: Av=0.89s, max=1.4s) (Lag: Av=0.89s, max=1.4s) (Lag: Av=0.89s, max=1.4s) (Lag: Av=0.89s, max=1.4s) (Lag: Av=0.89s, max=1.4s) . . . . .} 0-1